00373pab a2200145 454500008004000000100001900040245004500059260000900104300001600113362001100129650002500140650001800165650001000183773003400193180718b2005 xxu||||| |||| 00| 0 eng d aIyer, Rajkamal aRegulation of cooperative banks in India c2005 ap.5224-225. a10 Dec aCooperatives - India aBanks - India aBanks aEconomic and Political Weekly